• 首页
  • 本馆介绍
  • 公告通知
  • 最新文献
  • 馆藏检索
  • 电子资源
  • 读者导购
  • 参考咨询
  • 我的图书馆
  • 登录
  • 详细信息显示
  • 放入我的书架
  • 预约/预借图书
  • 作者相关作品
  • 分类相关作品
  • 丛书相关作品
  • 出版社相关作品

书目信息

  • 表格格式
  • 工作单格式
  • 卡片格式
题名:
社会调查方法
    
 
作者: 赵勤 主编
分册:  
出版信息: 北京   电子工业出版社  2018.01
页数: 268页
开本: 26cm
丛书名:
单 册:
中图分类: C915
科图分类:
主题词: 社会调查--调查方法--教材
电子资源:
ISBN: 978-7-121-33001-8
000 00730nam0 2200229 450
001 1373
005 20180929082902.12
010    @a978-7-121-33001-8@dCNY45.00
100    @a20180513d2018 em y0chiy50 ea
101 0  @achi
102    @aCN@b110000
105    @ay z 000yy
200 1  @a社会调查方法@9she hui diao cha fang fa@f赵勤主编
205    @a3版
210    @a北京@c电子工业出版社@d2018.01
215    @a268页@d26cm
330    @a本书共12章,主要介绍了社会调查的方法、类型、过程和伦理,调查设计,抽样,测量,问卷法,访问法,观察法,网络调查法,整理资料等内容。
606 0  @a社会调查@x调查方法@j教材
690    @aC915@v5
701  0 @a赵勤@9zhao qin@4主编
801  0 @aCN@b91MARC@c20180513
905    @aMuseLib@dC915@e1516=3
    
    社会调查方法/赵勤主编.-3版.-北京:电子工业出版社,2018.01
    268页;26cm
    
    
    ISBN 978-7-121-33001-8:CNY45.00
    本书共12章,主要介绍了社会调查的方法、类型、过程和伦理,调查设计,抽样,测量,问卷法,访问法,观察法,网络调查法,整理资料等内容。
●
相关链接 在E读中查询图书 在五车中查询图书 在当当中查询图书 在豆瓣中查询图书


正题名:社会调查方法     索取号:C915/1516=3         预约/预借

序号 登录号 条形码 馆藏地/架位号 状态 备注
1 1122362   211223629   第一样本阅览室/ [索取号:C915/1516=3] 在馆    
2 1122363   211223638   第一借阅区/ [索取号:C915/1516=3] 已借出,限还日期为2026.04.27
借出人:孙立双  
 
3 1122364   211223647   第一借阅区/ [索取号:C915/1516=3] 在馆    
4 1122365   211223656   第一借阅区/ [索取号:C915/1516=3] 已借出,限还日期为2022.10.03
借出人:赵志勇  
 
5 1122366   211223665   第一借阅区/ [索取号:C915/1516=3] 在馆    
唐山师范学院图书馆 欢迎您!
大连网信软件有限公司© 版权所有